| 000 | 00711nab a2200253 a 4500 | ||
|---|---|---|---|
| 001 | 24639 | ||
| 003 | 81682 | ||
| 005 | 20201118100444.0 | ||
| 008 | ||||||n9999 ||| || || | ||
| 100 | _aBresser Pereira, Luiz Carlos | ||
| 245 | 0 | _aLa reforma del aparato y la constitucion Brasilena | |
| 300 | _app. 8-24 | ||
| 562 | _e0 | ||
| 650 | _aADMINISTRACIÓN PÚBLICA--TEORÍAS | ||
| 650 | _aCAPACITACIÓN | ||
| 650 | _aFUNCIÓN PÚBLICA | ||
| 650 | _aPERSONAL PÚBLICO | ||
| 650 | _aPOLÍTICA DE PERSONAL | ||
| 650 | _aPRESTACIONES SOCIALES | ||
| 650 | _aPREVISION SOCIAL | ||
| 650 | _aREFORMA DEL ESTADO | ||
| 773 |
_024638 _aRevista del CLAD: reforma y democracia - No.4 |
||
| 942 | _cSART | ||
| 999 |
_c24639 _d24639 |
||